| 000 | 00380nam a2200133Ia 4500 | ||
|---|---|---|---|
| 008 | 191111s9999 xx 000 0 und d | ||
| 020 | _a9780230033627 | ||
| 100 | _aWyatt, Rawdon. | ||
| 245 |
_cRawdon Wyatt. _aCheck your vocabulary for toeic / |
||
| 260 |
_aUSA : _bMacmillan Publishers Limited _c2008 |
||
| 300 | _a76 pages. | ||
| 650 | _aEnglish language | ||
| 650 | _aVocabulary | ||
| 999 |
_c362572 _d362572 |
||